00524nam a2200193 a 4500001001300000003000900013005001700022008004100039020001100080082001700091100002000108245004000128260005400168300000800222500003500230505003200265650001300297700002000310nice12345678IN_TiNIC20260116011743.0050524s1922 hyda grp 000 0 urd  ac0.3700a297.831bHAY aHayat, Muhammad aMusaddas Musamma Beh Chaudhwin Sadi aHyderabad bMarkazi Anjuman Taleemus Salat c1922 a31p aincludes index and biblioraphy2 athree parts of first volume aMahdavia1 aHayat, Muhammad